• 首页
  • 本馆介绍
  • 公告通知
  • 最新文献
  • 馆藏检索
  • 电子资源
  • 读者导购
  • 参考咨询
  • 我的图书馆
  • 登录
  • 详细信息显示
  • 放入我的书架
  • 预约/预借图书
  • 作者相关作品
  • 分类相关作品
  • 丛书相关作品
  • 出版社相关作品

书目信息

  • 表格格式
  • 工作单格式
  • 卡片格式
题名:
新局面的开拓者
    
 
作者: ;上海人民出版社 编
分册:  
出版信息: 上海   上海人民出版社  1983
页数: 129页
开本: 19cm
丛书名: 《党的生活》丛书
单 册:
中图分类: D263 , D267 , K824.1
科图分类:
主题词: 模范共产党员--生平事迹--中国 , 党支部-英雄模范事迹--上海 , 人物--传记--中国
电子资源:
ISBN:
000 01024nam2 2200325 45
001 0183005908
005 20040513103615.2
010    @dCNY0.31
091    @a3074.693
100    @a19950227d1983 em y0chiy0121 ea
101 0  @achi
102    @aCN@b310000
105    @ay z 000yd
106    @ar
200 10 @a新局面的开拓者@Axin ju mian de kai tuo zhe@e上海市优秀党员和先进党支部事迹选@f上海人民出版社编
210    @a上海@c上海人民出版社@d1983
215    @a129页@d19cm
225 2  @a《党的生活》丛书
410  0 @120012@a《党的生活》丛书
517 1  @a上海市优秀党员和先进党支部事迹选@Ashang hai shi you xiu dang yuan he xian jin dang zhi bu shi ji xuan
606    @a模范共产党员@x生平事迹@y中国
606    @a党支部-英雄模范事迹@y上海
606 0  @a人物@x传记@x中国
690    @aD263@v3
690    @aD267@v2@v3
690    @aK824.1
711 02 @a上海人民出版社@Ashang hai ren min chu ban she@4编
801  0 @aCN@b上海图书馆@c20040513
801  2 @aCN@bNLC@c20040513
905    @f2@b102001-002@dK824.1@e8
    
    新局面的开拓者:上海市优秀党员和先进党支部事迹选/上海人民出版社编.-上海:上海人民出版社,1983
    129页;19cm.-(《党的生活》丛书)
    
    
    ISBN :CNY0.31
    
●
相关链接 在E读中查询图书 在五车中查询图书 在当当中查询图书 在豆瓣中查询图书


正题名:新局面的开拓者     索取号:K824.1/8         预约/预借

序号 登录号 条形码 馆藏地/架位号 状态 备注
1 0102001   001393691   密集书库/ [索取号:K824.1/8] 在馆    
2 0102002   001393655   密集书库/ [索取号:K824.1/8] 在馆    
3 0102003   001393619   密集书库/ [索取号:K824.1/8] 在馆    
唐山师范学院图书馆 欢迎您!
大连网信软件有限公司© 版权所有